| 000 | 01005nam a22002537a 4500 | ||
|---|---|---|---|
| 005 | 20170124103118.0 | ||
| 010 | _aA-593480 | ||
| 020 | _c20.00 | ||
| 035 | _aA-593480 | ||
| 037 | _bCen Lib/Ret | ||
| 040 |
_aDPL _bHN |
||
| 082 |
_a822 _bकुमार |
||
| 100 |
_aकुमार, कुसुम _981264 |
||
| 245 |
_aओम क्रांति क्रांति / _cकुसुम कुमार |
||
| 246 |
_aOm kranti kranti / _bby Kusum Kumar |
||
| 260 |
_a दिल्ली _bहिमालय पुस्तक भंडार _c1992 |
||
| 270 |
_b दिल्ली _aसरस्वती भंडार, गाँधी नगर _e1100031 |
||
| 300 |
_a40पृ. _c20सेमी(सजिल्द ) |
||
| 650 |
_aसाहित्य--नाटक _x _z _981265 |
||
| 650 |
_aहिंदी--नाटक _981266 |
||
| 650 |
_aLiterature -drama _981267 |
||
| 650 |
_aHindi --drama _981268 |
||
| 942 |
_2ddc _cHN _h822 _mकुमार |
||
| 999 |
_c118643 _d118643 |
||